Great gospel sermons; vol. 2. (Record no. 15167)

000 -LEADER
fixed length control field 00599nam a2200193 a 4500
001 - CONTROL NUMBER
control field :::00013007$&:&@@
003 - CONTROL NUMBER IDENTIFIER
control field OkBaRHE
005 - DATE AND TIME OF LATEST TRANSACTION
control field 20000901093322.0
008 - FIXED-LENGTH DATA ELEMENTS--GENERAL INFORMATION
fixed length control field s1949 j 000 0 eng u
040 ## - CATALOGING SOURCE
Transcribing agency
100 1# - MAIN ENTRY--PERSONAL NAME
Personal name Finney, Charles G., et al.
245 10 - TITLE STATEMENT
Title Great gospel sermons; vol. 2.
260 ## - PUBLICATION, DISTRIBUTION, ETC. (IMPRINT)
Place of publication, distribution, etc New York, NY., :
Name of publisher, distributor, etc Fleming H. Revell Company
Date of publication, distribution, etc c1949
300 ## - PHYSICAL DESCRIPTION
Extent v. (1-2) ;
Dimensions 21 cm.
650 ## - SUBJECT ADDED ENTRY--TOPICAL TERM
Topical term or geographic name as entry element Evangelistic Sermons
650 ## - SUBJECT ADDED ENTRY--TOPICAL TERM
Topical term or geographic name as entry element Sermons, English
942 ## - ADDED ENTRY ELEMENTS (KOHA)
Source of classification or shelving scheme
Koha item type Books
Copies
Lost status Date last seen Full call number Price effective from Copy number Permanent Location Withdrawn status Damaged status Date acquired Not for loan Barcode Source of classification or shelving scheme Koha item type Shelving location
 2010-04-14BV 3797 .A1G732010-04-141RHEMA Bible Training College  2010-04-14 13007 BooksGeneral Stacks